000
003270000a22001450004500
003
MACL
040
_a
MACL
090
_c
33722
_d
33720
100
_a
Crowder, Davi
245
_a
Mastering Macromedia Dreamweaver 3
260
_b
BPB Publications
_c
2000
350
_a
299
650
_a
Computer Science
942
_c
BOOK
_k
004.1/DAV
999
_c
33371
_d
33371